Листовки "Общества попечения о бедных и больных детях", подписанные "А. К." [А. Ф. Кони]

Доступно только в Электронных читальных залах Найти на картеНа карте
RUSMARC
00004022nac2a22002651x 450
001726d9990-e3b4-47e5-83f7-b2fcef46ae01
00520131009215046.0
100##$a20130529l1927 k y0rusy50 ca
1010#$arus
102##$aRU
105##$ay z |||||
2001#$aЛистовки "Общества попечения о бедных и больных детях", подписанные "А. К." [А. Ф. Кони]
$j[19--]
215##$a3 листа
251##$cДело
300##$aЗаголовок дела на папке: Две листовки "Общества попечения о бедных и больных детях", подписанные "А. Ф. Кони" (Кони)
300##$aТипографский текст
330##$aДокументальные материалы, отложившиеся в результате служебной и общественной деятельности А. Ф. Кони; Документальные материалы, отложившиеся в результате общественной деятельности А. Ф. Кони
461#0$10013a54f2e3-e9cf-409b-80fa-f0a9bd3c40cb
$12001
$aКони Анатолий Федорович, юрист, литератор, член академии наук, председатель Санкт-Петербургского окружного суда, член государственного совета
$1251
$cФонд
$1852
$j564
462#0$100178a475cd-a47d-4377-bff3-cee4b81de655
$12001
$aОпись дел фонда А. Ф. Кони за 1880-1931 гг.
$1251
$cОпись
$1852
$j1
517##$aДве листовки "Общества попечения о бедных и больных детях", подписанные "А. Ф. Кони" (Кони)
600#1$aКони
$bА. Ф.
$f1844-1927
$gАнатолий Федорович
60102$3RU\NLR\AUTH\889960844
$aПетербургское о-во попечения о бедных и больных детях
801#0$aRU
$bGA_RF
801#1$aRU
$bНПО Опыт
$c20130529
$2rusmarc
801#2$aRU
$bПБ им. Б.Н. Ельцина
$c20131009
$gRCR
$2rusmarc
852##$aГА РФ
$j784
937##$d38782326
$hПБ
035##$aRuPRLIB51001424
Формат отображения